| 000 | 02114nam a2200385 i 4500 | ||
|---|---|---|---|
| 001 | 597536 | ||
| 003 | TR-AnTOB | ||
| 005 | 20251230160311.0 | ||
| 006 | aocade |||| 000 0 | ||
| 007 | ta | ||
| 008 | 210915s2020 tu ocade |||| 000 0 mul d | ||
| 040 |
_aTTK _beng _erda _cTR-AnTOB |
||
| 041 |
_atur _aeng _ager |
||
| 050 | 1 | 4 |
_aDR432 _b.M57 2020 |
| 090 | _aDR432 .M57 2020 | ||
| 100 | 1 |
_aMirşan, Kazım _d1919-2016 _eauthor _947497 |
|
| 245 | 1 | 0 |
_aKazım Mirşan: _berken Türk tarihi araştırmacısı / Kazım Mirşan. |
| 264 | 1 |
_a[Bursa] : _bB Plas Bursa Plastik, _c2020. |
|
| 264 | 4 | _c©2020. | |
| 300 |
_avolumes : _billustrations ; _c30 cm |
||
| 336 |
_atext _btxt _2rdacontent |
||
| 337 |
_aunmediated _bn _2rdamedia |
||
| 338 |
_avolume _bnc _2rdacarrier |
||
| 504 | _aIncludes bibliographical references and index. | ||
| 505 |
_g1. Cilt. _tTürk metriği -- _tProto-Türkçe yazıtlar -- _tAltı Yarıq Tigin -- _tAnadolu prototürkleri. |
||
| 505 |
_g2. Cilt. _tPrototürk bilginlerine göre astrofizik -- _tBolbollar -- _tYazı işaretleri -- _tPrototürkçe yazıtlar hakkında konferans. |
||
| 505 |
_g3. Cilt. _tAlfabetik yazı başlangıcı -- _t10 kitap birarada (birlikte) -- _tEtrüskler -- _tDinlerin gelişimi. |
||
| 505 |
_g4. Cilt. _tTürk takvimi -- _tErken Türk devletleri ve Türük Bil -- _tŞölgentaş Mağarası resim ve yazıları -- _tHieroglifler -- _tPra-Mısır hieroglifleri -- _tMakaleler -- _tErken Türklerin Skandinavya yazıtları -- _tErken Türklerin Anadolu yazıtları. |
||
| 505 |
_g5. Cilt. _tİslam öncesi Kürt tarihi : erken Türkmenler -- _tAt-Oy Öğüntün Eminis -- _tİskitler, Sümerler, Yemenliler -- _tTürük Bilge Qağan -- _tTürklerin kaybolan ataları -- _tDanimarka yazıtları -- _tSözlük denemeleri. |
||
| 505 |
_g6. Cilt. _tDechiffrierung der protogriechischen -- _tPigtogrammas -- _tPrototürkische grammatik -- _tEgyptian hieroglyphs -- _tThe science of physics and astrophysics -- _tScandinavian inscriptions. |
||
| 600 | 1 | 0 |
_aMirşan, Kazım _d1919-2016 _947497 |
| 650 | 7 |
_aTürkler _xUygarlık _2etuturkob _915253 |
|
| 942 |
_2lcc _cBK |
||
| 999 |
_c200443522 _d61734 |
||